Nottingham Forest Squad 24/25 - Statistics

General Stats
  • This quiz has been taken 71 times
    27 since last reset
  • The average score is 18 of 24
Answer Stats
# Nation Former Club Answer % Correct
21 Sweden Man United Anthony Elanga
100%
11 New Zealand Newcastle Chris Wood
100%
26 Belgium Strasbourg Matz Sels
94%
10 England Wolves Morgan Gibbs-White
94%
6 Ivory Coast PSV Ibrahim Sangare
89%
7 Wales Liverpool Neco Williams
89%
31 Serbia Fiorentina Nikola Milenkovic
89%
34 Nigeria Torino Ola Aina
89%
14 England Chelsea Callum Hudson-Odoi
83%
5 Brazil Corinthians Murillo
83%
8 Scotland Newcastle Elliot Anderson
78%
16 Argentina Bologna Nicolas Dominguez
78%
9 Nigeria Union Berlin Taiwo Awoniyi
78%
19 Spain Aston Villa Alex Moreno
72%
28 Brazil Palmeiras Danilo
67%
20 Portugal Vitoria Jota Silva
67%
22 England Youth Ryan Yates
67%
30 Ivory Coast Wolves Willy Boly
67%
4 Brazil Benfica Morato
61%
15 England Huddersfield Harry Toffolo
56%
24 Paraguay Talleres Ramon Sosa
56%
17 Germany St. Pauli Eric da Silva Moreira
44%
33 Brazil Corinthians Carlos Miguel
39%
13 England Crystal Palace Wayne Hennessey
33%
No matching quizzes found
Score Distribution
Percent of People with Each Score
Percentile by Number Answered
Your Score History
You have not taken this quiz since the last reset